[Event "SLO-ch U14 Girls"]
[Site "Postojna"]
[Date "2008.02.27"]
[Round "5"]
[White "Bojc, Dasa"]
[Black "Lubec, Tjasa"]
[Result "1-0"]
[WhiteElo "1670"]
[BlackElo "1535"]
[PlyCount "73"]
[EventDate "2008.02.24"]
[EventType "swiss"]
[EventRounds "9"]
[EventCountry "SLO"]
[SourceTitle "EXT 2010"]
[Source "ChessBase"]
[SourceDate "2010.11.25"]
[SourceVersion "1"]
[SourceVersionDate "2010.11.25"]
[SourceQuality "1"]

1. Nf3 Nc6 2. d4 d5 3. g3 h6 4. Bg2 Nf6 5. 0-0 Bf5 6. Bd2 e6 7. a3 Nd7 8. Nc3 Be7 9. Bc1 0-0 10. Ne1 Nf6 11. f4 Ne4 12. e3 Nxc3 13. bxc3 Bg6 14. Nd3 Bxd3 15. cxd3 f5 16. Qb3 Rb8 17. e4 fxe4 18. dxe4 Na5 19. Qa2 c6 20. e5 b6 21. Qc2 Qe8 22. Bh3 Bd8 23. Rb1 Bc7 24. Qe2 Qg6 25. Bb2 Nc4 26. a4 a5 27. Kh1 Kh8 28. Rbe1 Kg8 29. Bc1 Kh8 30. Qf3 Kg8 31. f5 exf5 32. Bxf5 Qe8 33. Qg4 g5 34. Bxg5 h5 35. Be6+ Kg7 36. Bf6+ Kh7 37. Qg7# 1-0

[Event "SLO-ch U14 Girls"]
[Site "Murska Sobota"]
[Date "2007.03.01"]
[Round "8"]
[White "Lubec, Tjasa"]
[Black "Kolaric, Spela"]
[Result "0-1"]
[WhiteElo "1500"]
[BlackElo "1827"]
[PlyCount "108"]
[EventDate "2007.02.25"]
[EventType "swiss"]
[EventRounds "9"]
[EventCountry "SLO"]
[SourceTitle "CBM 117 Extra"]
[Source "ChessBase"]
[SourceDate "2007.05.09"]
[SourceVersion "1"]
[SourceVersionDate "2007.05.09"]
[SourceQuality "1"]

1. e4 e5 2. Nf3 Nc6 3. Bc4 Bc5 4. d3 h6 5. h3 Nf6 6. 0-0 0-0 7. Be3 Bb6 8. Bb5 d6 9. Bxc6 bxc6 10. Re1 Re8 11. Nh2 Rb8 12. b3 d5 13. exd5 cxd5 14. Bd2 e4 15. Be3 d4 16. Bc1 Bb7 17. Ng4 Nh7 18. Kh1 f5 19. Nh2 Nf6 20. Na3 Qd5 21. Rg1 exd3 22. Qxd3 Ne4 23. Qf3 d3 24. Be3 Nxf2+ 25. Bxf2 Qxf3 26. Nxf3 Bxf2 27. Rgd1 Bxf3 28. gxf3 Bc5 29. Nc4 dxc2 30. Rd2 Re7 31. Rxc2 Rbe8 32. Rcc1 Bb6 33. Nxb6 cxb6 34. Kg2 Kf7 35. Rc2 Re2+ 36. Rxe2 Rxe2+ 37. Kg3 g5 38. f4 Re3+ 39. Kg2 gxf4 40. h4 Kf6 41. b4 Ra3 42. Kf2 Rh3 43. a4 Rxh4 44. b5 Rh2+ 45. Kf3 Rb2 46. Kxf4 Rb4+ 47. Kg3 Kg5 48. a5 Rxb5 49. axb6 axb6 50. Rg1 Rb3+ 51. Kf2+ Kf4 52. Rh1 Rb2+ 53. Kg1 Kg3 54. Kf1 Rb1+ 0-1

[Event "SLO-ch U12 Girls"]
[Site "Sentjur"]
[Date "2005.03.02"]
[Round "6"]
[White "Lubec, Tjasa"]
[Black "Jus, Katja"]
[Result "0-1"]
[WhiteElo "1513"]
[BlackElo "1576"]
[PlyCount "118"]
[EventDate "2005.02.26"]
[EventType "tourn"]
[EventRounds "9"]
[EventCountry "SLO"]
[SourceTitle "CBM 105 Extra"]
[Source "ChessBase"]
[SourceDate "2005.05.01"]
[SourceVersion "1"]
[SourceVersionDate "2005.05.01"]
[SourceQuality "1"]

1. e4 e5 2. Nf3 Nc6 3. Bc4 Bc5 4. Nc3 Nf6 5. h3 d6 6. 0-0 0-0 7. d3 h6 8. Be3 Bb6 9. a3 Nh7 10. Nh2 Kh8 11. Qf3 f5 12. exf5 Bxf5 13. Qg3 Bxe3 14. fxe3 Qd7 15. Rf2 Rf6 16. Kf1 Raf8 17. Nf3 Rg6 18. Qh2 Ne7 19. Ke1 Be6 20. Bxe6 Qxe6 21. e4 Rgf6 22. Nd1 Ng6 23. Qg3 Nf4 24. Qg4 Qxg4 25. hxg4 Nxg2+ 26. Rxg2 Rxf3 27. Rg1 Ng5 28. Kd2 Rf1 29. Rxf1 Rxf1 30. c3 Rg1 31. Kc2 Rxg4 32. Ne3 Rf4 33. Kb3 c6 34. Ng2 Rf3 35. Rd1 Nh3 36. Rd2 Rf2 37. Rxf2 Nxf2 38. Kc2 g5 39. Ne3 g4 40. Nf5 Kh7 41. Nxd6 g3 42. Nc4 g2 43. Nxe5 g1Q 44. Kb3 Qd1+ 45. Kc4 Qa4+ 46. Kc5 Qb5+ 47. Kd6 Qxb2 48. Kc7 Qxc3 49. Nd7 Nxd3 50. Kxb7 Nc5+ 51. Nxc5 Qxc5 52. a4 Qb4+ 53. Kxc6 Qxe4+ 54. Kb5 h5 55. a5 h4 56. a6 h3 57. Ka5 h2 58. Kb5 h1Q 59. Ka5 Qh5# 0-1

[Event "SLO-ch U12 Girls"]
[Site "Sentjur"]
[Date "2005.02.26"]
[Round "1"]
[White "Vombek, Sara"]
[Black "Lubec, Tjasa"]
[Result "1-0"]
[WhiteElo "1646"]
[BlackElo "1513"]
[PlyCount "103"]
[EventDate "2005.02.26"]
[EventType "tourn"]
[EventRounds "9"]
[EventCountry "SLO"]
[SourceTitle "CBM 105 Extra"]
[Source "ChessBase"]
[SourceDate "2005.05.01"]
[SourceVersion "1"]
[SourceVersionDate "2005.05.01"]
[SourceQuality "1"]

1. e4 e5 2. Nf3 Nc6 3. Nc3 Bc5 4. Nxe5 Nxe5 5. d4 Bd6 6. dxe5 Bxe5 7. Qf3 Nf6 8. Bg5 h6 9. Bh4 c6 10. 0-0-0 0-0 11. Re1 Qa5 12. Kb1 Bxc3 13. Qxc3 Qxc3 14. bxc3 d6 15. Bxf6 gxf6 16. Rd1 Rd8 17. Be2 Be6 18. Bf3 Bc4 19. Rd4 Be6 20. Rhd1 d5 21. exd5 cxd5 22. Bxd5 Bxd5 23. Rxd5 Rxd5 24. Rxd5 Re8 25. Rd7 Rb8 26. Kc1 Kg7 27. Kd2 a6 28. c4 b6 29. Rd6 a5 30. Kd3 b5 31. c5 b4 32. Kc4 Re8 33. c6 Rc8 34. Kc5 Re8 35. c7 Rc8 36. Kb6 a4 37. Rd8 Rxc7 38. Kxc7 Kg6 39. Rb8 b3 40. cxb3 axb3 41. axb3 Kh5 42. b4 Kg5 43. b5 f5 44. b6 f6 45. g3 Kg4 46. b7 Kf3 47. Ra8 Kxf2 48. b8Q Kg2 49. g4 fxg4 50. Ra3 Kxh2 51. Qb2+ Kg1 52. Ra1# 1-0